General Genius Quiz #3 - Statistics

General Stats
  • This quiz has been taken 8 times
  • The average score is 3 of 11
Answer Stats
Category Question Answer % Correct
Science What is the largest organ of the human body? The skin.
100%
American history Who performed the first solo flight across the Atlantic Ocean? Charles Lindbergh.
67%
Music Who founded Motown Records? Berry Gordy.
33%
Holiday Who was the first U.S. president to recognize Hanukkah in the White House? Jimmy Carter.
33%
Disney What does “Hakuna matata” mean? No worries.
33%
Animal Sea urchins got their name from what nonaquatic animal, which was known as an “urchin” until the 15th century? The hedgehog.
33%
Movie Netflix founder Reed Hastings claimed (possibly falsely) that he thought of the idea for his company after receiving a $40 late fee from Blockbuster. What was the movie he said he failed to return? Apollo 13.
0%
Geography What is the only U.S. state with a Spanish motto? Montana, where the motto is “Oro y plata” (which translates to “Gold and silver”). Bonus points: Montana’s state nickname is the Treasure State.
0%
History Who was the first woman in history to die in an aviation-related incident? Sophie Blanchard (a balloonist who died in 1812).
0%
Pop culture Which original Winnie the Pooh voice actor attempted to create an artificial heart? Tigger’s Paul Winchell.
0%
TV show What was Lucy trying to sell during her famous commercial on I Love Lucy? Vitameatavegemin.
0%
No matching quizzes found
Score Distribution
Percent of People with Each Score
Percentile by Number Answered
Your Score History
You have not taken this quiz